| Поле | Инд. | ПП | Название | Значение |
|---|---|---|---|---|
| Тип записи | a | |||
| Библиографический уровень | m | |||
| 001 | Контрольный номер | 0323b562ef254a25acc96cbfc6d5c998 | ||
| 005 | Дата корректировки | 20161025112342.5 | ||
| 040 | a | Служба первич. каталог. | НБ ТвГУ | |
| b | Код языка каталог. | rus | ||
| e | Правила каталог. | PSBO | ||
| 041 | 0_ | a | Код языка текста | rus |
| 080 | a | Индекс УДК | 81-112=111=512.161(043.3) | |
| 084 | a | Индекс другой классификации/Индекс ББК | Ш104я031 | |
| 084 | a | Индекс другой классификации/Индекс ББК | Ш143.21-36я031 | |
| 084 | a | Индекс другой классификации/Индекс ББК | Ш163.12-36я031 | |
| 090 | a | Полочн. индекс | Ш104 | |
| x | Авторский знак | Б 95 | ||
| 097 | b | Оператор | mimoza | |
| 100 | 1_ | a | Автор | Быйык Яна Артуровна |
| q | Полное имя | Быйык Я. А. | ||
| 245 | 10 | a | Заглавие | Фразеологические единицы с колоративным компонентом в английском и турецком языках |
| b | Продолж. заглавия | автореф. дис. ... к.ф.н. : 10.02.20 - сравнительно-историческое, типологическое и сопоставительное языкознание | ||
| c | Ответственность | науч. рук.: д.ф.н., проф. Е. Ф. Арсентьева ; Казан. (Приволж.) федер. ун-т | ||
| 260 | c | Дата издания | 2016 | |
| a | Место издания | Казань | ||
| b | Издательство | б. и. | ||
| 300 | a | Объем | 22 с. | |
| 500 | a | Примечание | На правах рукоп. | |
| 502 | a | Примечание о диссертации | Защищена 15.04.2016 | |
| 504 | a | Библиография | Библиогр.: с 21-22 | |
| 653 | 0_ | a | Ключевые слова | Иностранные языки |
| a | Ключевые слова | Английский язык | ||
| a | Ключевые слова | Турецкий язык | ||
| a | Ключевые слова | Языкознание | ||
| a | Ключевые слова | Сравнительно-историческое языкознание | ||
| a | Ключевые слова | Типологическое языкознание | ||
| a | Ключевые слова | Сопоставительное языкознание | ||
| a | Ключевые слова | Фразеология | ||
| a | Ключевые слова | Фразеологические единицы | ||
| a | Ключевые слова | Авторефераты | ||
| 700 | 12 | a | Другие авторы | Арсентьева Елена Фридриховна |
| e | Роль лиц | науч. рук. | ||
| 700 | 12 | a | Другие авторы | Никулина Елена Александровна |
| e | Роль лиц | оппонент | ||
| 700 | 12 | a | Другие авторы | Семушина Елена Юрьевна |
| e | Роль лиц | оппонент | ||
| 710 | 12 | e | Роль коллектива | место защиты |
| a | Организация/ юрисдикция | Казанский (Приволжский) федеральный университет | ||
| 710 | 12 | e | Роль коллектива | место выполнения работы |
| a | Организация/ юрисдикция | Казанский (Приволжский) федеральный университет | ||
| 710 | 12 | e | Роль коллектива | ведущая организация |
| a | Организация/ юрисдикция | Российский исламский институт | ||
| 901 | t | Тип документа | m | |
| 920 | a | Оператор | Семен | |
| a | Оператор | Васил | ||
| a | Оператор | Рунт | ||
| a | Оператор | Стро | ||
| 930 | a | Новая/Ретро | новая | |
| 952 | c | Вид литературы | А/Р н | |
| 954 | b | Дата поступления в ОК | 20160621 | |
| a | Дата поступления на обработку | 20160825 | ||
| c | Дата окончания ОНО | 20161025 |